000 00432 a2200157 4500
999 _c197
_d197
008 220322b ||||| |||| 00| 0 eng d
020 _a9780713683431
082 0 0 _a620.00212
_bR353
100 _aReid, David
245 _aReeds mathematical tables and engineering formulae /
_cby David Reid
250 _a1st ed.
260 _aLondon:
_bAdlard Coles Nautical,
_c2007.
300 _a146 p.
650 0 _aEngineering
942 _2ddc
_cBK